000 01087nam a22003257a 4500
003 CHAP
005 20220329141721.0
008 971013s1994 r 00010 d
010 _a72723
011 _a73695
035 _a83253
040 _cCHAP
090 _aTesis
100 0 0 _aTochihuitl Vásquez, Javier.
_9113506
245 _aDiseño y construcción de un equipo de masajeo movil y versátil para la elaboración de jamones
260 _aChapingo, Méx. :
_bEl autor,
_c1994
300 _a154 h.
502 _aTesis (Ing Agroindustrial) -- UACH. Depatamento de Ingeniería Agroindustrial
590 _aALEPH
_b10
_c20130110
_lUCH01
_h1414
590 _aBATCH-UPD
_b10
_c20130110
_lUCH01
_h0520
590 _aBATCH-UPD
_b10
_c20130410
_lUCH01
_h0159
590 _aBATCH-UPD
_b10
_c20130914
_lUCH01
_h1637
590 _aCONVERSION
_b10
_c20130109
_lUCH01
_h1340
650 1 4 _aIndustrias agrícolas.
_957925
650 1 4 _aJamón.
_961036
650 1 4 _aMaquinaria industrial
_xDiseño.
_971220
901 _aBK
942 _cTESIS
949 _bBC
_cTES
_d-37737
_eTS1
_h30081
_i83253
_si
999 _c72723
_d72723